LIBRARY & INFORMATION CENTRE, KCAET, TAVANUR

ONLINE PUBLIC ACCESS CATALOGUE (OPAC)

Evaluation of low - cost lining materials for field channels (Record no. 15213)

MARC details
000 -LEADER
fixed length control field 00571nam a22001697a 4500
003 - CONTROL NUMBER IDENTIFIER
control field OSt
088 ## - REPORT NUMBER
Report number T 106
100 ## - MAIN ENTRY--AUTHOR NAME
Personal name ABDU MUDESIR ISSA
245 ## - TITLE STATEMENT
Title Evaluation of low - cost lining materials for field channels
260 ## - PUBLICATION, DISTRIBUTION, ETC. (IMPRINT)
Place of publication Tavanur 2000
Name of publisher Kelappaji College of Agricultural Engineering and Technology
300 ## - PHYSICAL DESCRIPTION
Number of Pages 116
500 ## - GENERAL NOTE
General note Evaluation of low - cost lining materials for field channels
520 ## - SUMMARY, ETC.
Summary, etc Evaluation of low - cost lining materials for field channels
700 ## - ADDED ENTRY--PERSONAL NAME
Personal name Er. Rema K. P (Guide)
942 ## - ADDED ENTRY ELEMENTS (KOHA)
Koha item type Theses
Holdings
Collection code Home library Current library Shelving location Full call number Accession Number Koha item type Public note
Reference KAUAET KAUAET Reference 631.75807 ABD/EV T 106 Theses M.Tech Thesis
free website counter